| 000 | 00638nam a2200193Ia 4500 | ||
|---|---|---|---|
| 003 | GCL | ||
| 008 | 140319s9999 xx 000 0 ara d | ||
| 040 |
_aGCL / _cGCL |
||
| 082 | 0 | 4 |
_a414 _bع م |
| 100 | 1 | _aعبدالرازق ابوزيد زايد | |
| 245 | 1 | 0 |
_aالمصطلحات البلاغية والنقدية فى كتاب الطراز للعلوى / _cعبدالرازق ابوزيد زايد |
| 260 |
_a[S.N] : _bمكتبة الشباب ، _c1989 |
||
| 300 | _a178 ص | ||
| 490 | _a | ||
| 650 | 0 | 4 | _aاللغة العربية |
| 650 | 0 | 4 | _aالبلاغة العربية |
| 650 | 0 | 4 | _aتاريخ ونقد |
| 942 |
_2ddc _cBK |
||
| 999 |
_c53763 _d53763 |
||